000 01430cam a22001814a 4500
005 20250605164349.0
008 250528s ||||||||||||||||||||||||d
035 _a24091
040 _aGR-AtMCL
_bgre
_dGR-AtMCL
_eAACR2
245 1 _aΕγκαινιάστηκε το Ανακαινισμένο Ιστορικό Κτίριο του Ε.Β.Ε.Α.
260 _bΕμπορικό Και Βιομηχανικό Επιμελητήριο Αθηνών,
_c2017
300 _a64
520 _aΗ Alitrip στην Ελλάδα: Ενισχύοντας τον Εισερχόμενο Τουρισμό από την Κίνα στην Ελλάδα, Προϋπολογισμός της Ε.Ε. για το 2018, Οι Κόκκινες Γραμμές, Ανασχεδιάζεται ο Χάρτης του Εξαγωγικού Εμπορίου, Μια Παγιωμένη Εικόνα στην Αγορά της Αυήνας Καταδεικνύει η Καταγραφή των Κλειστών Καταστημάτων, Ο Ρόλος των Θερμοκοιτίδων Υποστήριξης Νεοδυούς και Καινοτόμου Επιχειρηματικότητας στην Ανάπτυξη Βιώσιμων Νέων Εταιριών, Οι Τουρίστες Ζούνε τον Μύθο τους στην Ελλάδα.
700 1 _aΜίχαλος Κωνσταντίνος
_94319
942 _cCR
999 _c8990
_d8990